اكتمل التصدير — 

Vision chrétienne et signes musulmans : autour d'un manuscrit arabe illustré au XIIIe siècle /

محفوظ في:

المؤلف الرئيسي: Fāris, Bishr (مؤلف)

التنسيق: كتاب

اللغة: French

منشور في: Le Caire : Imprimerie de l'Institut français d'archéologie orientale, 1961.

سلاسل: Memoires de l'Institut d'Egypte ; 56.
MIE ; 56.

الموضوعات:

الوسوم: إضافة وسم

لا توجد وسوم, كن أول من يضع وسما على هذه التسجيلة!

رقم الطلب: DT43 .I625 v.56

LEADER 01532namaa2200325 4500
001 18889
003 OSt
005 20260317114428.0
008 130303s1961 ua afh b 000 0 fre d
010 |a ne 63000255 
040 |c ARCE Library 
050 4 |a DT43 .I625 v.56 
100 1 |6 880-01  |a Fāris, Bishr,  |e author 
245 1 0 |a Vision chrétienne et signes musulmans :  |b autour d'un manuscrit arabe illustré au XIIIe siècle /  |c Bishr Fāris. 
264 1 |a Le Caire :   |b Imprimerie de l'Institut français d'archéologie orientale,   |c 1961. 
300 |a xii, 118, 68 pages :   |b illustrations, 12 plates, facsimiles ;   |c 28 cm. 
490 1 |a Memoires de l'Institut d'Egypte ;   |v 56. 
490 1 |a MIE ;   |v 56. 
500 |a "Un substantiel résumé arabe ... renferme plusieurs textes reproduits au cours de la partie française. Quelques-uns étaient inédits ou négligés." 
504 |a Bibliography : pages [vii]-xii. 
600 0 0 |a Abū al-Faraj al-Iṣbahānī,  |d 897 or 898-967.  |t Kitāb al-aghānī. 
650 0 |a Islamic illumination of books and manuscripts. 
650 0 |a Christian art and symbolism. 
740 0 |a Sawāniḥ Masīḥīyah wamalāmiḥ Islāmīyah. 
830 0 |a Memoires de l'Institut d'Egypte ;   |v 56. 
830 0 |a MIE ;   |v 56. 
880 1 |6 100-01/(3/r  |a فارس، بشر.‪‪‪‪‪‪‪‪‪‪‪‪‪‪‪‪‪‪‪‪‪‪‪‪‪‪‪‪‪‪‪‪‪‪‪‪‪‪‪‪‪‪‪‪‪‪‪‪‪‪‪‪‪‪‪‪ 
901 |a reviewed 
942 |c BK  |2 lcc 
999 |c 15953  |d 15953